Lingüística aplicada a la lectura comprensiva y rápida: una visión cultural de Chile. Trozos escogidos, cuestionarios, ejercicios
Saved in:
| Main Authors: | , |
|---|---|
| Format: | Book |
| Language: | Spanish |
| Published: |
Santiago
Universitas Ediciones Limitada
1981
|
| Edition: | 1a. ed |
| Subjects: | |
| Tags: |
Add Tag
No Tags, Be the first to tag this record!
|
MARC
| LEADER | 00000cam a2200000 a 4500 | ||
|---|---|---|---|
| 001 | UCE8678 | ||
| 003 | CL-VaPUC | ||
| 008 | 150827e19810000cl |||||||||||||||||spa|d | ||
| 082 | 0 | 4 | |a 372.41 |b NOW |2 21 |
| 100 | |a Nowodworsky Carmona, Edmundo |e autor |9 874726 | ||
| 700 | 0 | |a Sarmiento P., Patricio |e author |9 581400 | |
| 245 | 1 | 0 | |a Lingüística aplicada a la lectura comprensiva y rápida: una visión cultural de Chile. Trozos escogidos, cuestionarios, ejercicios |
| 250 | |a 1a. ed | ||
| 300 | |a pág. irreg | ||
| 942 | |c BK | ||
| 945 | |d 20150827 16:13:00 |a dcastane | ||
| 260 | |a Santiago |b Universitas Ediciones Limitada |c 1981 | ||
| 650 | 0 | |a Lectura |9 307634 | |
| 650 | 0 | |a Enseñanza de la lectura |9 308364 | |
| 650 | 0 | |a Métodos de enseñanza |9 270413 | |
| 583 | |a last modification |c 20150827 16:13:00 |k Rodrigo Vera | ||
| 999 | |c 360464 |d 360462 | ||
| 952 | |0 0 |1 0 |3 erb |4 0 |6 372_410000000000000_NOW_1981 |7 0 |8 X |9 470297 |a FDOBUD |b FDOBUD |e Valenzuela Fuenzalida, Alvaro Miguel, 1932- |i 5203112 |o 372.41 NOW 1981 |p 5203112 |r 2019-11-23 |w 2019-11-23 |y BK_X |z Catalogado en:20150827 |k FHP | ||